Normal view
MARC view
Entry Nombre de reunión
001 - NÚMERO DE CONTROL
- campo de control: 55732
003 - IDENTIFICADOR DEL NÚMERO DE CONTROL
- campo de control: OSt
005 - FECHA Y HORA DE LA ÚLTIMA TRANSACCIÓN
- campo de control: 20200615034719.0
008 - DATOS DE LONGITUD FIJA
- campo de control de longitud fija: 200615|| aca||aabn | a|a d
040 ## - FUENTE DE LA CATALOGACIÓN
- Centro catalogador/agencia de origen: OSt
- Centro/agencia transcriptor: OSt
111 ## - ENCABEZAMIENTO--NOMBRE DE CONGRESO/REUNIÓN
- Nombre de congreso/reunión o jurisdicción como elemento de entrada: FERIA REGIONAL DEL LIBRO
- Número del congreso/reunión o número de parte o sección: (6ª :
- Fecha del congreso/reunión: 2010 :
- Sede del congreso/Lugar de la reunión: LA ALTAGRACIA (REPÚBLICA DOMINICANA)
- Subdivisión general: PROGRAMAS
670 ## - FUENTE DE DATOS ENCONTRADOS
- Cita de la fuente: Work cat.: (OSt)28227: Feria Regional del Libro la Altagracia (6a. : 2010 : 19-24 de octobre La Altagracia, República Dominicana) 55731, VI Feria Regional del Libro la Altagracia, 2010 :, 2010.
